[Event "Sun Pawn A"]
[Site "Illichevsk UKR"]
[Date "2008.07.23"]
[Round "4"]
[White "Shalimov,V UKR"]
[Black "Arabidze,M"]
[Result "1-0"]
[WhiteElo "2438"]
[BlackElo "2152"]

1.d4 Nf6 2.Nf3 e6 3.c4 b6 4.a3 Ba6 5.Qc2 Bb7 6.Nc3 c5 7.e3 Be7 8.Bd3 d6 9.d5 e5
10.O-O Nbd7 11.Bd2 g6 12.Ng5 Ng4 13.Nh3 Bf8 14.f3 Ngf6 15.f4 Ng4 16.Ng5 a6
17.Nxf7 Kxf7 18.fxe5+ Kg7 19.e6 Nde5 20.Ne4 Be7 21.Bc3 Rf8 22.Rxf8 Kxf8 23.h3 Nh6
24.Qf2+ Kg8 25.Qf4 Nxd3 26.Qxh6 Bf8 27.Qg5 Qxg5 28.Nxg5 b5 29.b3 a5 30.Ne4 Be7
31.Rd1 bxc4 32.bxc4 Ne5 33.Nxc5 dxc5 34.Bxe5 Ba6 35.d6 Bg5 36.Bf4 Bf6 37.e4 Bxc4
38.e5 Bxe5 39.Bxe5 Bxe6 40.Rb1 Rd8 41.Rb5 c4 42.Rxa5 Rc8 43.Bc3 Rd8 44.Be5 Rc8
45.Ra7 c3 46.d7 Rd8 47.Bxc3 Rxd7 48.Ra8+ Kf7 49.a4 Bd5 50.Rc8 Bb7 51.Rc5 Ke6
52.Rb5 Rc7 53.a5 Bxg2 54.Re5+ Kf7 55.Kxg2 Rxc3 56.h4 Ra3 57.Rb5 Kf6 58.Kf2 h6
59.Rc5 Kf7 60.Ke2 Ra4 61.Rc7+ Kf6 62.Rc6+ Kf5 63.a6 h5 64.Kd3 Ra3+ 65.Kc4 Kg4
66.Kb4 Ra1 67.Rc4+ Kf5 68.Kb5 Kf6 69.Ra4 Rb1+ 70.Ka5 Rb8 71.a7 Ra8 72.Kb6 g5
73.Ra6 Re8 74.Kb7+ Kf5 75.Ra5+ Kg4 76.hxg5 Re7+ 77.Kc6 Rxa7 78.Rxa7 Kxg5
79.Kd5 Kf4 80.Rh7 Kg4 81.Ke4  1-0

[Event "19th Czech Chladek & Tintera A Open"]
[Site "Pardubice CZE"]
[Date "2008.07.23"]
[Round "6"]
[White "Chasovnikova,E"]
[Black "D'Costa,L"]
[Result "0-1"]
[WhiteElo "2284"]
[BlackElo "2414"]

1.Nf3 Nf6 2.d4 e6 3.c4 b6 4.a3 Ba6 5.Qc2 Bb7 6.Nc3 c5 7.e4 cxd4 8.Nxd4 Bc5
9.Nb3 Nc6 10.Be2 O-O 11.Bf4 e5 12.Bg5 h6 13.Bh4 Nd4 14.Nxd4 Bxd4 15.Nd5 g5
16.Bg3 Nxd5 17.exd5 f5 18.h4 Qf6 19.hxg5 hxg5 20.Rh5 Rac8 21.Qa4 Rf7 22.f3 f4
23.Bf2 Bxb2 24.Rd1 d6 25.Kf1 Qg6 26.Rh2 e4 27.fxe4 g4 28.Qb3 Be5 29.Rh4 Ba6
30.Rc1 f3 31.gxf3 gxf3 32.Bxf3 Qf6 33.Rg4+ Kf8 34.Kg2 Rxc4 35.Bh4 Qxf3+ 36.Qxf3 Rxc1
37.Qe3 Rc2+ 38.Bf2 Rfxf2+ 39.Qxf2+ Rxf2+ 40.Kxf2 Bc4 41.Ke1 b5 42.Kd2 a5
43.Rh4 Kg7 44.Kc2 Kg6 45.Rg4+ Kf6 46.Rg8 a4 47.Re8 Kf7 48.Rb8 Kg6 49.Rg8+ Kf6
50.Rf8+ Kg5 51.Rf5+ Kg4 52.Rf8 b4 53.axb4 a3 54.Ra8 a2 55.b5 a1=Q 56.Rxa1 Bxa1
57.b6 Ba6 58.Kb3 Kf4  0-1

[Event "Politiken Cup"]
[Site "Helsingor DEN"]
[Date "2008.07.24"]
[Round "7"]
[White "Mchedlishvili,M"]
[Black "Lindberg,Be"]
[Result "1-0"]
[WhiteElo "2604"]
[BlackElo "2432"]

1.d4 Nf6 2.c4 e6 3.Nf3 b6 4.a3 Ba6 5.Qb3 d5 6.cxd5 exd5 7.Nc3 Be7 8.Bg5 c6
9.Bxf6 Bxf6 10.e4 Bxf1 11.Rxf1 dxe4 12.Nxe4 O-O 13.O-O-O Nd7 14.Kb1 Qc7 15.Rfe1 Rad8
16.Rc1 Be7 17.Qc2 Rc8 18.d5 c5 19.Rcd1 Qb7 20.d6 Bd8 21.Nc3 Nf6 22.Ng5 g6
23.Nge4 Nxe4 24.Qxe4 Qxe4+ 25.Rxe4 Bf6 26.Nd5 Kg7 27.Ra4 Rfd8 28.Nxf6 Kxf6
29.Rxa7 Rc6 30.d7 Ke6 31.Rb7 Rd6 32.Rxd6+ Kxd6 33.Rxb6+ Kxd7 34.Kc2 Re8 35.Rb7+ Ke6
36.a4 Ra8 37.Kb3 h5 38.Rc7 Ra5 39.Ka3 f6 40.b4 cxb4+ 41.Kxb4 Rd5 42.a5 Rd2
43.a6 Kd6 44.Rc3 Rb2+ 45.Rb3 Ra2 46.Ra3 Rb2+ 47.Kc3 Rb8 48.a7 Ra8 49.Kd4  1-0

[Event "ZMD Open"]
[Site "Dresden GER"]
[Date "2008.07.26"]
[Round "8"]
[White "Graf,F"]
[Black "Farago,I"]
[Result "0-1"]
[WhiteElo "2256"]
[BlackElo "2482"]

1.d4 Nf6 2.c4 e6 3.Nf3 b6 4.a3 Ba6 5.Qc2 Bb7 6.Nbd2 d5 7.e3 c5 8.cxd5 exd5
9.dxc5 bxc5 10.b4 Nbd7 11.bxc5 Bxc5 12.Rb1 Bb6 13.Bb2 O-O 14.Bd4 Qe7 15.Qb2 Rfb8
16.Be2 Bc5 17.Bxc5 Qxc5 18.Qc1 Ne4 19.Nxe4 dxe4 20.Qxc5 Nxc5 21.Nd4 Ba6 22.Kd2 Bd3
23.Bxd3 Nxd3 24.Nc6 Rb6 25.Nxa7 Rg6 26.g3 h6 27.Nb5 Nxf2 28.Rhc1 Ng4 29.Ra1 Nxh2
30.a4 Rxg3 31.a5 Rg5 32.Rcb1 Nf3+ 33.Kc3 Rc8+ 34.Kb4 Nd2 35.Rb2 Rb8 36.Kc3 Nf3
37.Kc4 Ne5+ 38.Kd4 Nd3  0-1

[Event "Sun Pawn A"]
[Site "Illichevsk UKR"]
[Date "2008.07.28"]
[Round "8"]
[White "Kurochkin,Val"]
[Black "Poluektov,Y2"]
[Result "0-1"]
[WhiteElo "2144"]
[BlackElo "2350"]

1.d4 Nf6 2.Nf3 e6 3.c4 b6 4.a3 d5 5.Nc3 Be7 6.cxd5 exd5 7.Bg5 O-O 8.e3 Bb7
9.Bd3 Nbd7 10.Rc1 a6 11.O-O Re8 12.Qe2 h6 13.Bxf6 Nxf6 14.Ne5 c5 15.Bb1 b5
16.Rfd1 Bd6 17.f4 c4 18.Rf1 Ne4 19.Nxe4 dxe4 20.g4 Bd5 21.Qg2 f6 22.Ng6 a5
23.h4 Kh7 24.h5 b4 25.a4 Rc8 26.g5 fxg5 27.Ne5 Bxe5 28.Bxe4+ Bxe4 29.Qxe4+ Kh8
30.fxe5 Qe7 31.Qd5 g4 32.Rxc4 Rxc4 33.Qxc4 Qh4 34.Qc6 Qg3+ 35.Kh1 Qh3+ 36.Kg1 Qxe3+
37.Kh1 Rd8 38.e6 Qh3+ 39.Kg1 g3 40.Rf7 Qh2+ 41.Kf1 Qxh5 42.Qe4 Rc8 43.Rf3 Qh1+
44.Ke2 g2 45.e7 g1=N+ 46.Ke3 Qxf3+ 47.Qxf3 Nxf3 48.d5 Ne5 49.Ke4 Nd7  0-1

[Event "III Open"]
[Site "Oviedo ESP"]
[Date "2008.07.28"]
[Round "6"]
[White "Lobo Rodriguez,J"]
[Black "Garcia Garcia,Je2"]
[Result "1-0"]
[WhiteElo "2171"]
[BlackElo "1960"]

1.d4 Nf6 2.c4 e6 3.Nf3 b6 4.a3 Bb7 5.Nc3 Be7 6.d5 d6 7.dxe6 fxe6 8.e4 Nbd7
9.Nd4 Nc5 10.f3 e5 11.Nf5 g6 12.Nh6 Ng8 13.Nxg8 Rxg8 14.Nd5 Qd7 15.Be3 Ne6
16.g3 c6 17.Nxe7 Qxe7 18.Qa4 Rf8 19.Bg2 Qd7 20.O-O c5 21.Qc2 Nd4 22.Qd3 O-O-O
23.a4 a5 24.Rf2 Kc7 25.Bh6 Rf7 26.b3 Bc6 27.Raf1 Re8 28.h4 Ree7 29.Kh2 Kb7
30.Bh3 Qe8 31.Be3 Qf8 32.Bg2 Bd7 33.f4 Qb8 34.f5 Ka6 35.fxg6 Rxf2 36.Rxf2 hxg6
37.Rf6 Re6 38.Rf2 Re8 39.Bxd4 cxd4 40.Rf6 Re6 41.c5+ Ka7 42.Rf7 Qc8 43.Bh3 Qe8
44.Bxe6 Qxe6 45.Qf1 dxc5 46.h5 b5 47.hxg6 Kb6  1-0

[Event "13th Open"]
[Site "Creon FRA"]
[Date "2008.07.30"]
[Round "4"]
[White "Suez Panama,G"]
[Black "Teyssier,J"]
[Result "1-0"]
[WhiteElo "2093"]
[BlackElo "1725"]

1.d4 Nf6 2.Nf3 b6 3.c4 e6 4.a3 Bb7 5.Nc3 Be7 6.d5 exd5 7.cxd5 Ba6 8.b4 Bc4
9.Qd4 Bb3 10.Qd3 c5 11.d6 Bf8 12.Nb5  1-0

[Event "III Open"]
[Site "Oviedo ESP"]
[Date "2008.07.31"]
[Round "9"]
[White "Almeida Quintana,O"]
[Black "Filip,L"]
[Result "1-0"]
[WhiteElo "2524"]
[BlackElo "2461"]

1.d4 Nf6 2.c4 e6 3.Nf3 b6 4.a3 Bb7 5.Nc3 d5 6.cxd5 Nxd5 7.Bd2 Be7 8.Qc2 O-O
9.e4 Nxc3 10.Bxc3 c5 11.dxc5 bxc5 12.Rd1 Qc7 13.Bd3 Nd7 14.O-O Rfd8 15.Rfe1 h6
16.Qe2 Bf6 17.e5 Be7 18.Bb1 Nf8 19.Nd2 Ng6 20.Qg4 Nh4 21.Ne4 Rxd1 22.Rxd1 Rd8
23.Re1 Qc6 24.f3 Nf5 25.Nf6+ Bxf6 26.exf6 g6 27.Bxf5 exf5 28.Qf4 g5 29.Qxf5 Bc8
30.Qe5 Be6 31.h4 Qd6 32.hxg5 Qxe5 33.Rxe5 Rd5 34.Rxd5 Bxd5 35.gxh6 Kh7 36.Bd2 Kg6
37.Be3 a6 38.Bxc5 Kxh6 39.Kf2 Kg5 40.Be7 Kf4 41.g3+ Ke5 42.Ke3 Bb3 43.g4 a5
44.f4+ Ke6 45.Kd4 a4 46.f5+ Kd7 47.g5 Bc2 48.Ke5 Ke8 49.Bb4 Bd3 50.Bc3 Bc2
51.b4 axb3 52.Bb2 Kd7 53.a4 Bb1 54.Ba3 Ke8 55.a5 Bd3 56.Kd6 Bxf5 57.a6 Be4
58.Kc7 b2 59.Bxb2 Kf8 60.a7  1-0

[Event "XXXIV Open"]
[Site "Badalona ESP"]
[Date "2008.08.02"]
[Round "2"]
[White "Panelo,M"]
[Black "Castaner Halster,X"]
[Result "1-0"]
[WhiteElo "2414"]
[BlackElo "2202"]

1.d4 Nf6 2.c4 e6 3.Nf3 b6 4.a3 Ba6 5.Qc2 Bb7 6.Nc3 c5 7.e4 cxd4 8.Nxd4 d6
9.Be2 Be7 10.Be3 Nbd7 11.g4 Ne5 12.Rg1 Rc8 13.g5 Nfd7 14.Qa4 O-O 15.h4 d5
16.exd5 exd5 17.cxd5 Nc5 18.Qc2 Bxd5 19.Rd1 Ne4 20.Ndb5 Re8 21.Qa4 Nxc3 22.Nxc3 Rxc3
23.Rxd5 Rxe3 24.Rxd8 Nf3+ 25.Kf1 Nh2+ 26.Kg2 Bxd8 27.fxe3  1-0

[Event "Timisoara Cup IM"]
[Site "Timisoara ROM"]
[Date "2008.08.05"]
[Round "5"]
[White "Voiteanu,G"]
[Black "Agafii,V"]
[Result "1-0"]
[WhiteElo "2251"]
[BlackElo "2306"]

1.d4 Nf6 2.c4 e6 3.Nf3 b6 4.a3 Bb7 5.Nc3 d5 6.cxd5 Nxd5 7.Bd2 Be7 8.Qc2 O-O
9.e4 Nxc3 10.Bxc3 c5 11.O-O-O Qc7 12.d5 Rd8 13.Be5 Bd6 14.dxe6 Bxe5 15.Rxd8+ Qxd8
16.Nxe5 fxe6 17.Bc4 Qd6 18.Qc3 Nc6 19.Nxc6 Qxc6 20.Re1 b5 21.Bf1 a5 22.Qe5 c4
23.g3 Rd8 24.Bh3 Bc8 25.Rd1 Rxd1+ 26.Kxd1 h6 27.f4 Kf8 28.Kc1 Bb7 29.Bxe6 b4
30.Qf5+ Ke8 31.Qf7+ Kd8 32.Qf8+ Kc7 33.Qxg7+ Kd8 34.Qf8+ Kc7 35.Qe7+ Kb6
36.Bd5  1-0

[Event "17th Open"]
[Site "Kavala GRE"]
[Date "2008.08.07"]
[Round "9"]
[White "Sulashvili,M"]
[Black "Maric,A"]
[Result "1/2-1/2"]
[WhiteElo "2499"]
[BlackElo "2412"]

1.d4 Nf6 2.c4 e6 3.Nf3 b6 4.a3 Bb7 5.Nc3 d5 6.cxd5 Nxd5 7.e3 Be7 8.Bb5+ c6
9.Bd3 O-O 10.O-O c5 11.e4 Nxc3 12.bxc3 Qc8 13.Be3 Rd8 14.a4 Ba6 15.a5 Bxd3
16.Qxd3 Nd7 17.axb6 axb6 18.Qb5 Qc7 19.Nd2 cxd4 20.cxd4 Ra5 21.Rxa5 bxa5
22.Nb3 Bb4 23.Rc1 Qb8 24.Qc4 h6 25.Nc5 Nxc5 26.dxc5 Ba3 27.Rf1 Qc7 28.Rb1 Qc6
29.f3 Bb4 30.Kf2 Rd7 31.Ke2 Rd8 32.Rc1 Rd7 33.Rc2 Rd8 34.Bd2 Bxd2 35.Rxd2 Rc8
36.e5 Kh7 37.Qd3+ g6 38.Rc2 a4 39.h4 h5 40.Kf2 Rc7 41.Qd6 a3 42.Kg3 a2 43.Rxa2 Qxc5
44.Ra8 Rc8 45.Ra4 Kg7 46.Rd4 Rc6 47.Qxc5 Rxc5 48.Kf4 Ra5 49.Ke4  1/2-1/2

[Event "Abkhasian Open"]
[Site "Sukhumi GEO"]
[Date "2008.08.09"]
[Round "7"]
[White "Kiselev,Vit2"]
[Black "Kharlamov,I1"]
[Result "1-0"]
[WhiteElo "2518"]
[BlackElo "2090"]

1.d4 Nf6 2.c4 e6 3.Nf3 b6 4.a3 Bb7 5.Nc3 Ne4 6.Nxe4 Bxe4 7.Nd2 Bb7 8.e4 d5
9.cxd5 exd5 10.e5 c5 11.f4 Nc6 12.Nf3 cxd4 13.Bb5 Rc8 14.O-O d3 15.Bxd3 Bc5+
16.Kh1 O-O 17.Bxh7+ Kh8 18.Ng5 g6 19.Qg4 Rc7 20.Qh4 Kg7 21.f5 Rh8 22.Ne6+ fxe6
23.Qh6+ Kf7 24.Qxg6+  1-0

[Event "Open"]
[Site "Ptuj SLO"]
[Date "2008.08.10"]
[Round "3"]
[White "Drnovsek,N"]
[Black "Roskar,R"]
[Result "1-0"]
[WhiteElo "2096"]
[BlackElo "2280"]

1.d4 Nf6 2.Nf3 b6 3.c4 e6 4.a3 Ba6 5.Qc2 c5 6.d5 exd5 7.cxd5 g6 8.Nc3 d6
9.g3 Bg7 10.Bg2 O-O 11.O-O Nbd7 12.h3 b5 13.Re1 Qb6 14.e4 Bb7 15.Be3 a5 16.Nd2 Rfe8
17.a4 Ba6 18.axb5 Bxb5 19.Nxb5 Qxb5 20.Nc4 Bf8 21.Bf4 Ne5 22.Bxe5 dxe5 23.Re3 Reb8
24.Rea3 Nd7 25.Bf1 Qb4 26.Ra4 Qb7 27.Rxa5 Rxa5 28.Rxa5 Qb4 29.Ra1 Bg7 30.Qc3 h5
31.Ra7 Nf6 32.Qxe5 Rf8 33.Qf4 Qe1 34.Ne3 h4 35.Qxh4 Re8 36.Ra4 Nh5 37.d6 Bf6
38.Qg4 Rd8 39.Nc4 Bd4 40.Qe2 Qc1 41.Kh2 Kg7 42.e5 Re8 43.d7 Rd8 44.Ra7 Nf4
45.gxf4 Qxf4+ 46.Kg2 Rh8 47.Qf3 Qg5+ 48.Qg4 Qd8 49.Qf3 Rh5 50.Qf6+  1-0

[Event "Acropolis Open"]
[Site "Athens GRE"]
[Date "2008.08.12"]
[Round "4"]
[White "Kanakaris,G"]
[Black "Melia,S"]
[Result "1/2-1/2"]
[WhiteElo "2284"]
[BlackElo "2416"]

1.d4 Nf6 2.c4 e6 3.Nf3 b6 4.a3 Bb7 5.Nc3 d5 6.cxd5 exd5 7.Bf4 Be7 8.e3 O-O
9.Rc1 c5 10.Bd3 Nc6 11.O-O Re8 12.h3 h6 13.Nb5 Rf8 14.dxc5 bxc5 15.Bf5 Bc8
16.Bxc8 Rxc8 17.Qa4 Qd7 18.Rfd1 Rfd8 19.Ne5 Nxe5 20.Bxe5 Ne4 21.f3 Nf6 22.Bg3 Qe6
23.Qxa7 Rd7 24.Qa5 Qxe3+ 25.Bf2 Qg5 26.Qd2 Qxd2 27.Rxd2 Rb8 28.a4 d4 29.b4 cxb4
30.Rxd4 Rxd4 31.Bxd4 Nd5 32.Kf2 Ra8 33.Ra1 Bd8 34.Na7 Bb6 35.Bxb6 Nxb6 36.Nc6 b3
37.Rb1 Rxa4 38.Rxb3 Ra2+ 39.Kg3 Nc4 40.h4 h5 41.Ne7+ Kh7 42.Nf5 g6 43.Rc3 Ne5
44.Ne3 Kg7 45.Rc5 Nd7 46.Rc7 Nf6 47.Rb7 Ra4 48.Re7 Ng8 49.Rc7 Nh6 50.Rc4 Ra3
51.Kf2 Ng8 52.Rc7 Nf6 53.Rc4 Nd7 54.Nd5 Ne5 55.Rc3 Ra4 56.Kg3 Rd4 57.Nc7 Nd7
58.Nb5 Rd5 59.Nc7 Rd2 60.Re3 Nc5 61.Ne8+ Kf8 62.Nf6 Ne6 63.Ne4 Ra2 64.Rc3 Nd4
65.Rd3 Ne2+ 66.Kh2 Nf4 67.Rd2 Ra4 68.Ng5 f6 69.Ne4 Ke7 70.Rb2 Ra7 71.Kg3 Nd5
72.Re2 Kf7 73.Nd6+ Kg7 74.Rd2 Ne7 75.Ne4 Kf7 76.Rb2 Nd5 77.Rb7+ Rxb7 78.Nd6+ Ke6
79.Nxb7 Ne3 80.Nc5+ Kf5 81.Ne4 g5 82.hxg5 fxg5 83.Kf2 Nc4 84.g4+ hxg4 85.Nxg5 Ke5  1/2-1/2

[Event "IV RC Sport Open"]
[Site "Ceska Trebova CZE"]
[Date "2008.08.13"]
[Round "7"]
[White "Voloshin,L"]
[Black "Grandelius,N"]
[Result "1/2-1/2"]
[WhiteElo "2449"]
[BlackElo "2366"]

1.Nf3 Nf6 2.d4 e6 3.c4 b6 4.a3 Bb7 5.Nc3 d5 6.cxd5 Nxd5 7.Qc2 Be7 8.e4 Nxc3
9.bxc3 O-O 10.Bd3 c5 11.O-O Qc8 12.Qe2 Rd8 13.Rd1 Ba6 14.Bf4 Bxd3 15.Rxd3 cxd4
16.cxd4 Nd7 17.Rad1 Qc4 18.Qe3  1/2-1/2

[Event "Independence Cup A"]
[Site "Kyiv UKR"]
[Date "2008.08.13"]
[Round "10"]
[White "Vdovichenko,V"]
[Black "Rodin,A"]
[Result "1-0"]
[WhiteElo "2222"]
[BlackElo "1762"]

1.d4 Nf6 2.c4 e6 3.Nf3 b6 4.a3 Ba6 5.Nbd2 d5 6.e3 c5 7.b4 cxb4 8.axb4 Bxc4
9.Nxc4 dxc4 10.Qa4+ Qd7 11.b5 c3 12.g3 Be7 13.Bg2 Nd5 14.O-O O-O 15.Ne5 Qc7
16.e4 Nf6 17.Bf4 Bd6 18.Rfc1 Rc8 19.Rc2 Qe7 20.Rac1 Bxe5 21.Bxe5 Nbd7 22.Bxf6 Nxf6
23.Rxc3 Rxc3 24.Rxc3 Rd8 25.Qc4 h6 26.h3 Qd7 27.d5 exd5 28.exd5 Qf5 29.Rd3 Qe5
30.Kh2 Rd7 31.Re3 Qf5 32.Qc8+ Kh7 33.Rf3 Qe5 34.Rxf6 Rc7 35.Qf5+ Qxf5 36.Rxf5 Kg8
37.d6 Rd7 38.Rd5  1-0

[Event "Petrovskaya Ladya GM1"]
[Site "Peterhof RUS"]
[Date "2008.08.13"]
[Round "3"]
[White "Volodin,Alek"]
[Black "Zhidkov,V"]
[Result "1/2-1/2"]
[WhiteElo "2397"]
[BlackElo "2346"]

1.d4 Nf6 2.c4 e6 3.Nf3 b6 4.a3 Bb7 5.Nc3 d5 6.cxd5 exd5 7.g3 Nbd7 8.Bg2 a6
9.Ne5 Bd6 10.Nc4 Ne4 11.Nxd6+ cxd6 12.Qb3 Ndf6 13.O-O O-O 14.Nd1 h6 15.f3 Ng5
16.Bxg5 hxg5 17.Nc3 Re8 18.f4 g4 19.Rae1 Ne4 20.Nxe4 dxe4 21.f5 Qf6 22.Qxb6 Reb8
23.e3 a5 24.Qc7 Ba6 25.Rf2 Bd3 26.Rd1 Rc8 27.Qd7 Rab8 28.Qa4 Qd8 29.Re1 Rc4
30.Qd1 Qg5 31.Bf1 Bxf1 32.Kxf1 a4 33.Qe2 d5 34.Rf4 Rb6 35.Kg1 Rbc6 36.Ref1 Rc2
37.Qxg4 Qxg4 38.Rxg4 Rxb2 39.f6 Rcc2 40.Rxg7+ Kh8 41.Rf4  1/2-1/2

[Event "Acropolis Open"]
[Site "Athens GRE"]
[Date "2008.08.16"]
[Round "8"]
[White "Gelashvili,T"]
[Black "Dzagnidze,N"]
[Result "0-1"]
[WhiteElo "2612"]
[BlackElo "2458"]

1.d4 Nf6 2.c4 e6 3.Nf3 b6 4.a3 Bb7 5.Nc3 d5 6.cxd5 Nxd5 7.e3 Be7 8.Bb5+ c6
9.Bd3 O-O 10.e4 Nxc3 11.bxc3 c5 12.O-O Qc8 13.Qe2 Ba6 14.d5 Bxd3 15.Qxd3 c4
16.Qe2 exd5 17.exd5 Bf6 18.Ng5 Re8 19.Qf3 Nd7 20.Ne4 Be5 21.Bf4 Bxf4 22.Qxf4 Nc5
23.Ng5 f6 24.Nf3 Re4 25.Qd6 Qd8 26.Qg3 Qxd5 27.Rad1 Nd3 28.Nd2 Nf4 29.Kh1 Ne2
30.Qf3 Re5 31.Nxc4 Qxf3 32.gxf3 Rc5 33.Rfe1 Nxc3 34.Rd4 Rac8 35.Nd6 Rd8 36.Re7 Nd5
37.Re6 Nc3 38.Rg4 Kf8 39.Nb7 Rd1+ 40.Kg2 Rcd5 41.Rc6 Ne2 42.Rc8+ Kf7 43.h4 f5
44.Rgc4 Rg1+ 45.Kh2 Rdd1 46.f4 Rg4 47.h5 Rh4+ 48.Kg2 Nxf4+  0-1

[Event "Petrovskaya Ladya GM2"]
[Site "Peterhof RUS"]
[Date "2008.08.17"]
[Round "9"]
[White "Serov,M"]
[Black "Brodsky,M"]
[Result "0-1"]
[WhiteElo "2368"]
[BlackElo "2548"]

1.d4 Nf6 2.c4 e6 3.Nf3 b6 4.a3 Bb7 5.Nc3 d5 6.cxd5 Nxd5 7.Qc2 Be7 8.e4 Nxc3
9.bxc3 O-O 10.Bd3 c5 11.Qe2 Qc7 12.O-O Nd7 13.Bg5 Bxg5 14.Nxg5 h6 15.Nf3 Rfd8
16.a4 Bc6 17.h3 Rab8 18.Qe3 Qd6 19.Bb5 cxd4 20.cxd4 Rbc8 21.Rfd1 Nf8 22.Bxc6 Qxc6
23.a5 Qb7 24.axb6 axb6 25.Rab1 Rd6 26.Qf4 Rcd8 27.Rb5 Ng6 28.Qe3 Ne7 29.Rdb1 Nc8
30.R5b4 Qe7 31.Ne5 f6 32.Nf3 Rc6 33.Qb3 Qc7 34.e5 f5 35.Nd2 Rd5 36.Rc4 b5
37.Rxc6 Qxc6 38.Nf1 Ne7 39.Ne3 Rxd4 40.Qxb5 Qxb5 41.Rxb5 f4 42.Nf1 Rd1 43.g3 Nd5
44.gxf4 Nxf4 45.Rb3 Re1 46.Rf3 Nd5 47.Kg2 Rxe5 48.Ne3 Nxe3+ 49.fxe3 Rf5 50.Rg3 Rg5
51.Rxg5 hxg5 52.Kf3 Kf7 53.Kg3 Kf6 54.e4 Ke5 55.Kg4 Kxe4 56.Kxg5 Kf3 57.Kg6 e5  0-1

[Event "U16 Olympiad"]
[Site "Mersin TUR"]
[Date "2008.08.18"]
[Round "2"]
[White "Kavinda,A"]
[Black "Durarbeyli,V"]
[Result "0-1"]
[WhiteElo "2029"]
[BlackElo "2413"]

1.Nf3 Nf6 2.d4 b6 3.c4 e6 4.a3 Bb7 5.e3 d5 6.Nc3 Bd6 7.Bd3 O-O 8.h4 dxc4
9.Bxc4 Nbd7 10.Qc2 e5 11.d5 c6 12.dxc6 Bxc6 13.e4 Qc7 14.Qe2 Rac8 15.Ba6 Bb7
16.Bxb7 Qxb7 17.Bg5 h6 18.Bxf6 Nxf6 19.O-O Bc5 20.Nd2 Bd4 21.Nd1 Rfd8 22.Kh1 Rc2
23.Qd3 Qc8 24.Nc3 Rxb2  0-1

[Event "U16 Olympiad"]
[Site "Mersin TUR"]
[Date "2008.08.18"]
[Round "2"]
[White "Amarasena,K"]
[Black "Kazimova,N"]
[Result "1/2-1/2"]
[WhiteElo "1900"]
[BlackElo "2148"]

1.d4 Nf6 2.c4 e6 3.Nf3 b6 4.a3 Bb7 5.Nc3 d5 6.cxd5 Nxd5 7.Qc2 Nxc3 8.Qxc3 Nd7
9.Bf4 Bd6 10.Bg3 O-O 11.e3 Rc8 12.Bd3 Nf6 13.Bh4 Be7 14.Qc2 h6 15.Rd1 Nh5
16.Bg3 Nxg3 17.hxg3 Qe8 18.Ke2 c5 19.dxc5 Rxc5 20.Qb1 Qa4 21.Rc1 Rd8 22.Rxc5 bxc5
23.Rd1 Kf8 24.Qc2 Qxc2+ 25.Bxc2 Ba6+ 26.Ke1 Rxd1+ 27.Bxd1 Bf6 28.b3 Bb2 29.a4 Bc3+
30.Nd2 Bd3 31.Be2 Bc2 32.Bd1 Bd3 33.Be2 Bc2 34.Bd1 Bd3  1/2-1/2

[Event "U16 Olympiad"]
[Site "Mersin TUR"]
[Date "2008.08.18"]
[Round "3"]
[White "Davarashvili,N"]
[Black "Datu,A"]
[Result "1/2-1/2"]
[WhiteElo "2221"]
[BlackElo "2138"]

1.d4 Nf6 2.c4 e6 3.Nf3 b6 4.a3 Bb7 5.Nc3 Be7 6.Bg5 O-O 7.e3 d6 8.Bd3 Nbd7
9.O-O c5 10.b4 a6 11.Qe2 Qc7 12.bxc5 bxc5 13.d5 h6 14.Bh4 Qa5 15.Qd2 e5 16.Bf5 Bc8
17.Qd3 Rb8 18.Ne4 Qd8 19.Rab1 Rxb1 20.Rxb1 Ne8 21.Bxe7 Qxe7 22.Nfd2 g6 23.Bxd7 Qxd7
24.Nc3 f5 25.f3 h5 26.Qc2 Qe7 27.Qa4 e4 28.f4 g5 29.Ne2 Nf6 30.Qc6 Nd7 31.Qc7 gxf4
32.Nxf4 Kf7 33.Ne6 Rg8 34.Rf1 Kg6 35.Nb3 Re8 36.Na5 Ne5 37.Nf4+ Kh6 38.Qxe7 Rxe7
39.Rb1 Ng4 40.Rb3 Kg5 41.Ne2 Nxe3 42.Rxe3 f4 43.Rc3 Bg4 44.Kf1 h4 45.h3 Bh5
46.Nb3 f3 47.gxf3 exf3 48.Ng1 Kf4 49.Kf2 Rg7 50.Nxf3 Rg3 51.Nbd2 Rxh3 52.Re3 Bxf3
53.Nxf3 a5 54.Rd3 Rg3 55.Ne1 Rxd3 56.Nxd3+ Ke4 57.Nxc5+ Kd4 58.Nb3+ Kxc4
59.Nxa5+ Kxd5 60.a4 Kc5 61.Nb3+ Kb4 62.a5 Kb5 63.Kf3 d5 64.Kg4 d4 65.Kxh4 d3
66.Kg3 d2  1/2-1/2

[Event "Jessie Gilbert Celebration Int"]
[Site "Coulsdon ENG"]
[Date "2008.08.19"]
[Round "4"]
[White "Osborne,M"]
[Black "Donovan,N"]
[Result "1/2-1/2"]
[WhiteElo "2232"]
[BlackElo "2110"]

1.d4 Nf6 2.Nf3 e6 3.c4 b6 4.a3 Bb7 5.Nc3 g6 6.Qc2 Bxf3 7.exf3 Bg7 8.Bg5 O-O
9.h4 h6 10.Be3 d5 11.h5 g5 12.Qd2 dxc4 13.Bxc4 Nd5 14.Bxd5 exd5 15.f4 c5
16.fxg5 cxd4 17.Bxd4 Re8+ 18.Kf1 Qxg5 19.f4 Qf5 20.Rh3 Nc6 21.Bxg7 Kxg7 22.Nxd5 Rad8
23.Qc3+ f6 24.Ne3 Qe6 25.Rg3+ Kh7 26.Ng4 Nd4 27.Re1 Ne2 28.Qc7+ Re7 29.Nxf6+ Qxf6
30.Qc2+ Kh8 31.Rxe2 Qxf4+ 32.Rf3 Rxe2 33.Kxe2 Qe5+ 34.Kf1 Re8 35.Qd2 Qxh5
36.Qc3+ Qe5 37.Qd2 Qe6 38.Rh3 Kh7 39.Rf3 Qe7 40.Qf2 Qd6 41.Qc2+ Kg7 42.Qa4 Qe7
43.Qg4+ Qg5 44.Qd7+ Re7 45.Qd4+ Qe5 46.Rg3+ Kh7 47.Qd3+ Qe4 48.Qxe4+ Rxe4
49.Kf2 Rc4 50.b3 Rc2+ 51.Kf1 Ra2 52.a4 b5 53.axb5 Ra5 54.Ke2 Rxb5 55.Kd2 a5
56.Kc3 Rb4 57.Rf3 Rg4 58.g3 Kg6 59.Kd2 a4 60.bxa4  1/2-1/2

[Event "44th Rubinstein Mem Open A"]
[Site "Polanica Zdroj POL"]
[Date "2008.08.19"]
[Round "1"]
[White "Fistek,D"]
[Black "Zmarzly,A"]
[Result "1-0"]
[WhiteElo "2208"]
[BlackElo "1929"]

1.d4 Nf6 2.c4 e6 3.Nf3 b6 4.a3 Bb7 5.Nc3 d5 6.cxd5 Nxd5 7.e3 Bd6 8.Bd3 Nd7
9.O-O Nxc3 10.bxc3 Nf6 11.Qa4+ Qd7 12.Bb5 c6 13.Bd3 O-O 14.e4 Bc7 15.e5 Nd5
16.Qc2 h6 17.Rd1 Rad8 18.c4 Ne7 19.Bb2 Rc8 20.c5 Qd8 21.a4 a5 22.Ba3 bxc5
23.Bxc5  1-0

[Event "23rd Open"]
[Site "Schwarzach AUT"]
[Date "2008.08.19"]
[Round "4"]
[White "Braun,P"]
[Black "Durakovic,A"]
[Result "1/2-1/2"]
[WhiteElo "2232"]
[BlackElo "2151"]

1.d4 Nf6 2.c4 e6 3.Nf3 b6 4.a3 Ba6 5.Qc2 Bb7 6.Nc3 c5 7.e4 cxd4 8.Nxd4 d6
9.Be2 Be7 10.Be3 O-O 11.Rd1 Nbd7 12.f4 Re8 13.O-O Qc7 14.Ndb5 Qb8 15.Bf3 a6
16.Nd4 Qc7 17.g4 Rec8 18.g5 Ne8 19.Qd2 Qxc4 20.Rc1 Qc7 21.Nd5 Qd8 22.Nxe7+ Qxe7
23.b4 Qd8 24.Qa2 e5 25.Nf5 exf4 26.Bxf4 Ne5 27.Bg2 Rxc1 28.Bxc1 Qc7 29.Bf4 Qc4
30.Qf2 Nd3 31.Qxb6 Bxe4 32.Nxd6 Nxd6 33.Qxd6 Bxg2 34.Kxg2 Qe4+ 35.Kg1 Re8
36.Bg3 Qe3+ 37.Kg2 Qe2+ 38.Kg1 Qe3+ 39.Kg2 Qe2+ 40.Kg1 Ne5 41.Qd5 Qb5 42.Qxb5 axb5
43.Rf5 Nc4 44.Rxb5 Nxa3 45.Rc5 f6 46.gxf6 Re4 47.fxg7 Kxg7 48.Bd6 Kf7 49.Rh5 Ke6
50.Bc5 Rg4+ 51.Kf2 Rg7 52.Ke3 Nc4+ 53.Kd4 Nd2 54.Kc3 Ne4+ 55.Kc4 Nxc5 56.Kxc5 Kd7
57.Kb6 Kc8 58.Rh6 Rb7+ 59.Kc5 Rf7 60.b5 Kb7 61.Rd6 Rf5+ 62.Rd5 Rxd5+ 63.Kxd5 Kb6
64.Kc4 h5 65.h4 Kb7 66.Kc5 Kc7 67.b6+ Kb7 68.Kb5 Kb8 69.Ka6 Ka8 70.Ka5 Kb7
71.Kb5 Kb8 72.Kc6 Kc8 73.Kd5 Kb7 74.Kc5 Kb8 75.Kc6 Kc8 76.Kd6 Kb7 77.Ke7 Kxb6
78.Kf6 Kc7 79.Kg5 Kd8 80.Kxh5 Ke8 81.Kg6 Kf8 82.Kh7 Kf7 83.h5 Kf8 84.h6 Kf7
85.Kh8 Kf8 86.h7 Kf7  1/2-1/2

[Event "8th Savaria Summer GM"]
[Site "Szombathely HUN"]
[Date "2008.08.19"]
[Round "6"]
[White "Varga,Zo"]
[Black "Papp,Ga"]
[Result "1/2-1/2"]
[WhiteElo "2479"]
[BlackElo "2509"]

1.d4 Nf6 2.c4 e6 3.Nf3 b6 4.a3 Ba6 5.Nbd2 c5 6.dxc5 bxc5 7.g3 Bb7 8.Bg2 Be7
9.O-O Nc6 10.b3 d6 11.Bb2  1/2-1/2

[Event "Independence Cup A"]
[Site "Kyiv UKR"]
[Date "2008.08.20"]
[Round "8"]
[White "Brozhik,V"]
[Black "Rodin,A"]
[Result "1/2-1/2"]
[WhiteElo "2148"]
[BlackElo "1762"]

1.d4 Nf6 2.c4 e6 3.Nf3 b6 4.a3 Bb7 5.Nc3 d5 6.Bg5 Be7 7.e3 O-O 8.cxd5 exd5
9.Bxf6 Bxf6 10.Bd3 c5 11.O-O Nd7 12.Rc1 Rc8 13.Nb5 c4 14.Bf5 g6 15.Bh3 a6
16.Nd6 Rc7 17.Nxb7 Rxb7 18.Qa4 Ra7 19.Rfe1 b5 20.Qc2 Re8 21.e4 dxe4 22.Rxe4 Rxe4
23.Qxe4 Nb6 24.g3 Re7 25.Qc2 Qe8 26.Bf1 Qc6 27.Bg2 Qd6 28.Rd1 Kg7 29.h4 h5
30.Rd2 a5 31.d5 b4 32.axb4 axb4 33.b3 c3 34.Rd1 Nd7 35.Kh2 Nc5 36.Nd4 Bxd4
37.Rxd4 Na6 38.Rc4 Rc7 39.Rf4 Rc5 40.Rd4 Rc7 41.Bf1 Nb8 42.Bc4 Nc6 43.Re4 Ne5
44.Qe2 Nxc4 45.bxc4 Qb6 46.Qc2 Kh7 47.Kg2 b3 48.Qxc3 b2 49.Re8 f6 50.Qa3 Rg7
51.Qa8 g5 52.Rh8+ Kg6 53.Qe8+ Kf5 54.f3 Qd4 55.Qe4+ Qxe4 56.fxe4+ Kxe4 57.Rb8 gxh4
58.Rxb2 Rxg3+ 59.Kh2 Rc3 60.Re2+ Kf5 61.Rf2+ Ke5 62.Re2+ Kf5 63.Rf2+ Kg6
64.Rf4 Rd3 65.Rxh4 f5 66.Kg2 Kg5 67.Rh3 Rd2+ 68.Kf1 Rc2 69.Rd3 Rxc4 70.d6 Rc8
71.d7 Rd8 72.Rd6 Kf4 73.Kf2 Ke5 74.Rh6 Rxd7 75.Rxh5 Ke4 76.Ke2 Ra7 77.Rh3 Ra2+
78.Ke1 f4 79.Rb3 Ra4 80.Kf2 Rd4 81.Ra3 Rd2+ 82.Kf1 Rc2 83.Ra4+ Kf3 84.Ra3+ Kg4
85.Ra8 Kg3 86.Rg8+ Kf3 87.Kg1 Rc1+ 88.Kh2 Kf2 89.Rg2+ Kf3 90.Ra2 Re1 91.Ra3+ Kf2
92.Ra4 f3 93.Ra3 Re3 94.Ra1 Re2 95.Kh3 Re1 96.Ra2+ Kg1 97.Kg3 Rf1 98.Rb2 f2
99.Ra2  1/2-1/2

[Event "U16 Olympiad"]
[Site "Mersin TUR"]
[Date "2008.08.20"]
[Round "5"]
[White "Amarasena,K"]
[Black "Yilmazyerli,M"]
[Result "0-1"]
[WhiteElo "1900"]
[BlackElo "2207"]

1.d4 Nf6 2.c4 e6 3.Nf3 b6 4.a3 Bb7 5.Nc3 Ne4 6.Qc2 Nxc3 7.Qxc3 Be7 8.Bf4 O-O
9.e3 f5 10.Be2 g5 11.Bg3 f4 12.Qc2 d6 13.O-O-O Rf7 14.Bd3 Nd7 15.h4 fxg3
16.Nxg5 Bxg5 17.hxg5 Nf8 18.f4 Qe7 19.Rh6 e5 20.d5 Re8 21.g6 Rg7 22.gxh7+ Kh8
23.Bg6 Nxg6 24.Rxg6 exf4 25.exf4 Qe4 26.f5 Qxc2+ 27.Kxc2 Bc8 28.Rxg7 Bxf5+
29.Kc3 Kxg7 30.Rf1 Be4 31.Rf4 Bxg2 32.Rg4+ Kxh7 33.Rxg3 Be4 34.Kd4 Bg6 35.Rg4 Re2
36.b4 Rd2+ 37.Kc3 Rd3+ 38.Kb2 Kg7  0-1